Reyes de Dinamarca, Suecia y Noruega - Estadísticas

Estadísticas generales
  • Esta prueba ha sido intentada 74 veces
    69 desde el último reinicio
  • La puntuación promedio es 57 de 86
Estadísticas de respuestas
Período Nombre de Rey/Reina % Correcto
1449-1450 Carlos I
87%
1814-1818 Carlos II
87%
1818-1844 Carlos III Juan
87%
1859-1872 Carlos IV
87%
1604-1611 Carlos IX
87%
1448-1457 Carlos VIII
87%
1464-1465 Carlos VIII
87%
1467-1470 Carlos VIII
87%
16547-1660 Carlos X Gustavo
87%
1660-1697 Carlos XI
87%
1697-1718 Carlos XII
87%
1809-1814 Carlos XIII
87%
1814-1818 Carlos XIII
87%
1818-1844 Carlos XIV Juan
87%
1859-1872 Carlos XV
87%
1973-Act. Carlos XVI Gustavo
87%
Dinamarca 1387-1412 Margarita I
82%
Suecia 1389-1412 Margarita I
82%
Noruega 1387-1412 Margarita I
82%
1972-2024 Margarita II
82%
1991-Act. Harald V
79%
1523-1560 Gustavo I
74%
1611-1632 Gustavo II Adolfo
74%
1771-1792 Gustavo III
74%
1792-1809 Gustavo IV Adolfo
74%
1907-1950 Gustavo V
74%
1950-1973 Gustavo VI Adolfo
74%
1448-1481 Cristián I
69%
1457-1464 Cristián I
69%
1450-141 Cristián I
69%
1513-1523 Cristián II
69%
1520-1523 Cristián II
69%
1513-1523 Cristián II
69%
1534-1559 Cristián III
69%
1534-1559 Cristián III
69%
1588-1648 Cristián IV
69%
1588-1648 Cristián IV
69%
1863-1906 Cristián IX
69%
1670-1699 Cristián V
69%
1670-1699 Cristián V
69%
1730-1746 Cristián VI
69%
1730-1746 Cristián VI
69%
1766-1808 Cristián VII
69%
1766-1808 Cristián VII
69%
1839-1848 Cristián VIII
69%
1814 Cristián VIII
69%
1912-1947 Cristián X
69%
1523-1533 Federico I
69%
1720-1751 Federico I
69%
1523-1533 Federico I
69%
1559-1588 Federico II
69%
1559-1588 Federico II
69%
1648-1670 Federico III
69%
1648-1670 Federico III
69%
1699-1730 Federico IV
69%
1699-1730 Federico IV
69%
1947-1972 Federico IX
69%
1746-1766 Federico V
69%
1746-1766 Federico V
69%
1808-1839 Federico VI
69%
1808-1814 Federico VI
69%
1848-1863 Federico VII
69%
1906-1912 Federico VIII
69%
2024-Act. Federico X
69%
1905-1957 Haakon VII
67%
1481-1513 Juan I
67%
1483-1513 Juan I
67%
1497-1501 Juan II
67%
1568-1592 Juan III
67%
1957-1991 Olaf V
67%
1632-1654 Cristina
49%
1751-1771 Adolfo Federico
46%
1844-1859 Óscar I
41%
1844-1859 Óscar I
41%
1872-1905 Óscar II
41%
1905-1907 Óscar II
41%
1872-1905 Óscar II
41%
1718-1720 Ulrica Leonor
31%
1440-1448 Cristóbal I
26%
1442-1448 Cristóbal I
26%
1440-1448 Cristóbal III
26%
1412-1442 Erico III
21%
1397-1439 Erico XIII
21%
1560-1568 Erico XIV
21%
1592-1599 Segismundo I
21%
1396-1439 Erico XIII
5%
No se encontraron pruebas coincidentes
Distribución de puntuación
Porcentaje de gente con cada puntuación
Porcentaje por número respondido
Historial de tus puntuaciones
No has intentado esta prueba desde el último reinicio